Phát huy vai trò của nhân viên xã hội tại Trung tâm bảo trợ xã hội tỉnh Đồng Tháp và Nhà tình thương TP. SaĐéc Báo cáo tổng kết đề tài nghiên cứu khoa học và công nghệ cấp cơ sở. Mã số: SPD2016.02.26

Đã lưu trong:
書目詳細資料
主要作者: Lê, Hoài Nam (Chủ nhiệm đề tài)
其他作者: Trần, Văn Luận (Hướng dẫn)
格式: 工具包 圖書
出版: Đồng Tháp Trường Đại học Đồng Tháp 2017
主題:
標簽: 添加標簽
沒有標簽, 成為第一個標記此記錄!
Thư viện lưu trữ: Trung tâm Học liệu Lê Vũ Hùng, Trường Đại học Đồng Tháp
LEADER 01329ppm a22002538a 4500
001 00041682
005 20180619160637.0
008 170215s2015 ||||||Viesd
041 0 # |a Vie 
082 1 4 |b PH110H  |a 361.959 789 
100 1 # |a Lê, Hoài Nam  |e Chủ nhiệm đề tài 
245 1 0 |b Báo cáo tổng kết đề tài nghiên cứu khoa học và công nghệ cấp cơ sở. Mã số: SPD2016.02.26  |c Lê Hoài Nam (chủ nhiệm đề tài); Trần Văn Luận (hướng dẫn)  |a Phát huy vai trò của nhân viên xã hội tại Trung tâm bảo trợ xã hội tỉnh Đồng Tháp và Nhà tình thương TP. SaĐéc 
260 # # |b Trường Đại học Đồng Tháp  |c 2017  |a Đồng Tháp 
300 # # |a 115 tr. +phụ lục  |c 30 cm.  |e 1 bản tóm tắt 
500 # # |a ĐTTS ghi: Bộ Giáo dục và Đào tạo. Trường Đại học Đồng Tháp 
653 # # |a Công tác xã hội 
653 # # |a vai trò 
653 # # |a Tỉnh Đồng Tháp 
653 # # |a Nghiên cứu khoa học 
653 # # |a Nhân viên 
700 1 # |a Trần, Văn Luận  |e Hướng dẫn 
852 # # |j KH.0000120 
910 |d 19/06/2018 
980 # # |a Trung tâm Học liệu Lê Vũ Hùng, Trường Đại học Đồng Tháp